|
|
|
|
| LEADER |
00754nam a2200229 a 4500 |
| 001 |
000614798 |
| 003 |
CZ BrMZK |
| 005 |
20020814112016.0 |
| 007 |
ta |
| 008 |
020805s1977 xr f cze d |
| 040 |
|
|
|a BOA001
|b cze
|c BOA001
|
| 100 |
1 |
|
|a Nachtigal, Vladimír
|7 jk01082660
|4 aut
|
| 245 |
1 |
0 |
|a Modely nevýrobní sféry :
|b subsystém modelů pro střednědobé plánování /
|c Vladimír Nachtigal
|
| 260 |
|
|
|a Praha :
|b Ekonomický ústav ČSAV,
|c 1977
|
| 300 |
|
|
|a 131 s.
|
| 490 |
1 |
|
|a VP ;
|v č. 49
|
| 500 |
|
|
|a Souhrn též rusky a německy
|
| 504 |
|
|
|a Bibliografie na s. 123-125
|
| 830 |
|
0 |
|a VP
|
| 910 |
|
|
|a BOA001
|b 2-0774.527
|
| 990 |
|
|
|a BK
|
| 996 |
6 |
|
|b 2619355524
|c 2-0774.527
|l MZK
|r Sklad / do 1 hodiny
|n 1
|w 000614798
|u 000010
|a 1
|e BOA001
|j MZK50
|s P
|